Botín de guerra /

Guardado en:
Autor Principal: Nosiglia, Julio E.
Formato: Libro
Publicado: Buenos Aires : Abuelas de Plaza de Mayo, 2008
Edición:3a. ed.
Materias:
Etiquetas: Agregar Etiqueta
Sin Etiquetas, Sea el primero en etiquetar este registro!
LEADER 00621nam a22002055a 4500
001 CEM.cems013320
005 20100406120233.0
008 130507s2008##################000#0#####d
003 CEMS
082 0 4 |a 364.15 
100 1 |a Nosiglia, Julio E. 
245 1 0 |a Botín de guerra /  |c Julio E. Nosiglia 
250 |a 3a. ed. 
260 |a Buenos Aires :  |b Abuelas de Plaza de Mayo,  |c 2008 
300 |a 353 p. 
505 0 |a Los secuestros -- Los reencuentros 
653 |a Argentina-desparecidos 
653 |a Argentina-derechos humanos 
653 |a Argentina-represión 
859 |a CEMS  |b BIB. CEMS - 11 de abril  |h 364.15  |i N841  |p 25814.10  |t Ej.1